|
|
|
|
| LEADER |
00964nam a2200229 a 4500 |
| 001 |
000127929 |
| 003 |
CZ BrMZK |
| 005 |
19970107143423.0 |
| 008 |
970107s1996 xr f cze d |
| 040 |
|
|
|a BOA001
|b cze
|
| 080 |
|
|
|a 929 Descartes, René
|2 MRF
|
| 080 |
|
|
|a 101.9(44)"16":929 Descartes, René
|2 MRF
|
| 100 |
1 |
|
|a Dokulil, Miloš,
|d 1912-2002
|7 jk01022546
|4 aut
|
| 245 |
1 |
0 |
|a Jubilejní "Cogitatio"? :
|b (k 400. výročí narození René Descarta) /
|c Miloš Dokulil.
|
| 260 |
|
|
|a [Brno?] :
|b Masarykova univerzita,
|c 1996
|
| 300 |
|
|
|a 13 s. ;
|c 25 cm
|
| 500 |
|
|
|a Zvl. ot. z čas.: Sborník prací filozofické fakulty brněnské univerzity. [R.] 43, [r.] 1996. - Souhrn angl.
|
| 653 |
0 |
|
|a Descartes, René 1596-1650
|a francouzští filozofové
|
| 910 |
|
|
|a BOA001
|b PK-0126.786
|
| 964 |
|
|
|a Descartes
|b René
|f 1596-1650
|x filozofie
|x rozbory
|
| 990 |
|
|
|a BK
|
| 996 |
7 |
|
|b 3119006513
|c PK-0126.786
|l MZK
|r Sklad / do 1 hodiny
|n 15
|p dar
|w 000127929
|u 000010
|a 1
|e BOA001
|j MZK50
|s A
|